[Event "tht Extraliga 16/17,BSS Frydek Mistek-Duras Brno"]
[Site "Brno"]
[Date "2017.04.01"]
[Round "10.6"]
[White "Roubalik, Jakub"]
[Black "Szotkowski, Jakub"]
[WhiteElo "2397"]
[BlackElo "2360"]
[Result "1/2-1/2"]

1. d4  Nf6  2. c4  c5
3. d5  b5  4. cxb5
a6  5. f3  axb5
6. e4  Qa5+  7. Bd2  b4
8. Na3  d6  9. Nc4
Qa7  10. a3  g6
11. Bd3  Bg7  12. Ne2  Nfd7
13. O-O  bxa3  14. Rxa3
Qb7  15. Bc3  Bxc3
16. Nxc3  O-O  17. f4
Rxa3  18. bxa3  Nb6
19. Qb3  Nxc4  20. Qxb7
Bxb7  21. Bxc4  Ba6
22. Nb5  Nd7  23. Nxd6
Ra8  24. Bxa6  Rxa6
25. Nc4  Ra4  26. Rc1
Nf6  27. Nb6  Ra6
28. e5  Rxb6  29. exf6
Rxf6 30. g3  1/2-1/2

[Event "tht Extraliga 16/17,BSS Frydek Mistek-Duras Brno"]
[Site "Brno"]
[Date "2017.04.01"]
[Round "10.7"]
[White "Pisk, Petr"]
[Black "Vyskocil, Neklan"]
[WhiteElo "2349"]
[BlackElo "2334"]
[Result "1/2-1/2"]

1. d4  d5  2. c4  Nc6
3. Bg5  f6  4. cxd5
Qxd5  5. Be3  e5
6. Nc3  Bb4  7. dxe5
Qxd1+  8. Rxd1  Nxe5
9. a3  Bxc3+  10. bxc3
Ne7  11. Bf4  N7g6
12. Bg3  Bd7  13. Nf3
Nxf3+  14. gxf3  O-O-O
15. h4  Rhe8  16. Rg1
Ne7  17. Bf4  g6
18. Bc1  Be6  19. Rxd8+
Rxd8  20. e4  Nc6
21. f4  Bb3  22. Be2
Bc2  23. f3  Bd3
24. h5  Bxe2  25. Kxe2
Ne7  26. hxg6  hxg6
27. Rh1  Kd7  28. Be3
b6  29. Rh7  Ke6
30. Bf2  Rd6  31. Bg3
Rc6  32. Kd3  Rc5
33. Kc2  a5  34. a4
Rc6  35. Kb3  Rc5
36. Bf2  Rc6  37. Bg3
Rc5  38. Bf2  Rc6
39. Bg3  Rc5  40. Bf2
Rc6  1/2-1/2

[Event "tht Extraliga 16/17,BSS Frydek Mistek-Duras Brno"]
[Site "Brno"]
[Date "2017.04.01"]
[Round "10.8"]
[White "Chytilek, Roman"]
[Black "Jasny, Stanislav"]
[WhiteElo "2330"]
[BlackElo "2358"]
[Result "1/2-1/2"]

1. Nf3  Nf6  2. c4  g6
3. g3  Bg7  4. Bg2
O-O  5. d4  d6
6. Nc3  Nc6  7. O-O  Bf5
8. Be3  Ng4  9. Bg5
h6  10. e4  Bd7
11. Bc1  e5  12. d5  Ne7
13. h3 Nf6  14. Ne1  Nh7
15. Nd3 f5  16. f4  exf4
17. Nxf4  g5  18. Ne6
Bxe6  19. dxe6  c6
20. Be3  Be5  21. Ne2
fxe4  22. Bxe4  Rxf1+
23. Qxf1  Qf8  24. Qd1
Nf6  25. Bc2  Qc8
26. Nd4  c5  27. Nf5
Qxe6  28. Nxh6+  Kg7
29. Qf3  Qxh3  30. Nf5+
Nxf5  31. Bxf5 Qxg3+  32. Qxg3
Bxg3  33. Bxg5  Rh8
34. Rf1  Be5  35. b3
Nh5  36. Be6  Ng3
37. Rf7+  Kg6  38. Be3
Ne2+  39. Kg2  Rh2+
40. Kf3  Nd4+  41. Bxd4
cxd4  42. Rxb7  d3
43. Rb5  Rxa2  44. Rd5
d2  45. Ke3  Rb2
46. Bg4  Rxb3+  47. Kxd2
Kf6  48. Rb5  Rg3
49. Bd7  Bd4  50. Rf5+
Ke7  51. Bc6  Bc5
52. Rf3  Rg1  53. Kc2
Ke6  54. Rd3  a5
55. Kb2  Ke5  56. Rd5+
Kf4  57. Rd3  Re1
58. Kb3  Rc1  59. Rc3
Ra1  60. Kb2  Re1
61. Rd3  Rg1  62. Kb3
Rb1+  63. Ka2  Rb4
64. Bd5  Ke5  65. Ra3
a4  66. Rd3  Rb8
67. Bc6  a3  68. Rd2
Rh8  69. Ba4  Rh4
70. Bb3  Rh1  71. Bc2
Re1  72. Bb3  Bb4
73. Rd5+  Kf4  74. Bc2
Re2  75. Kb3  Bc5
76. Rd1  Ke3  77. Rd3+
Kf4  78. Rd1  Rh2
79. Rf1+  Ke5  80. Re1+
Kf6  81. Rf1+  Ke7
82. Re1+  Kd8  83. Rc1
Kc7  84. Rd1  Kb6
85. Rb1  Ka5  86. Be4
Rh3+  87. Ka2  Rh2+
88. Kb3  Rh3+  89. Ka2
Rc3 90. Bd5 Bb4 91. Be6 1/2-1/2

[Event "tht Extraliga 16/17,Tatran Litovel-Lokomotiva Brno"]
[Site "Brno"]
[Date "2017.04.01"]
[Round "10.1"]
[White "Luch, Michal"]
[Black "Biolek, Richard"]
[WhiteElo "2401"]
[BlackElo "2445"]
[Result "1/2-1/2"]

1. e4 e5 2. Nf3 Nc6 3. Nc3 Nf6 4. a3 d5 5. Bb5 d4 6. Ne2 Bd7 7. d3 Bd6 8. c3 dxc3
9. bxc3 Ne7 10. Bc4 b5 11. Bb3 1/2-1/2

[Event "tht Extraliga 16/17,Tatran Litovel-Lokomotiva Brno"]
[Site "Brno"]
[Date "2017.04.01"]
[Round "10.2"]
[White "Druska, Juraj"]
[Black "Zpevak, Pavel"]
[WhiteElo "2433"]
[BlackElo "2351"]
[Result "1/2-1/2"]

1. d4  Nf6  2. c4  e6
3. Nf3  b6  4. Bf4
Bb7  5. e3  Be7
6. h3  O-O  7. Nc3  d5
8. Rc1  c5  9. dxc5
bxc5  10. cxd5  exd5
11. Be2  Nc6  12. O-O
Rc8  13. Qb3  Na5
14. Qa4  a6  15. Ne5
Re8  16. Rfd1  Qb6
17. Bf3  Red8  18. Ng4
Bc6  19. Qc2  d4
20. Nxf6+  Bxf6  21. Ne4
Bxe4  22. Bxe4  g6
23. b3  c4  24. bxc4
Nxc4  25. Qb3  Qxb3
26. axb3  Nb2  27. Rxc8
Rxc8  28. Rxd4  Bxd4
1/2-1/2

[Event "tht Extraliga 16/17,Tatran Litovel-Lokomotiva Brno"]
[Site "Brno"]
[Date "2017.04.01"]
[Round "10.3"]
[White "Rosko, Lubos"]
[Black "Burdalev, Kirill"]
[WhiteElo "2317"]
[BlackElo "2339"]
[Result "1/2-1/2"]

1. d4  Nf6  2. Nf3  c5
3. d5  e6  4. c4
exd5  5. cxd5  d6
6. Nc3  g6  7. Nd2
Nbd7  8. e4  Bg7
9. Be2  O-O  10. O-O
Re8  11. a4  a6
12. Ra3  Rb8  13. h3  Nb6
14. a5  Na8  15. Re1
Nc7  16. Bd3  Bd7
17. Rb3  Nh5  18. Nf3
Nf6  19. Bf4  Nb5
20. Bxb5  Bxb5  21. e5
dxe5  22. Bxe5  Bc4
23. Bxb8  Bxb3  24. Qxb3
Rxe1+  25. Nxe1  Qxb8
26. Qc4  Nd7  27. Nd3
Bd4  28. Ne2  b5
29. axb6  Nxb6  30. Qxa6
Nxd5  31. Nxd4  cxd4
32. Qc4  Nf4  33. Nxf4
Qxf4  34. Qe2  Qf5
35. Qe8+  Kg7  36. Qe1
Qd5  37. Qd2  Qc4
38. Qf4  Qd5  39. Qd2
Qc4  40. Qf4  Qd5
1/2-1/2

[Event "tht Extraliga 16/17,Tatran Litovel-Lokomotiva Brno"]
[Site "Brno"]
[Date "2017.04.01"]
[Round "10.4"]
[White "Kratochvil, Josef"]
[Black "Stachowiak, Kamil"]
[WhiteElo "2250"]
[BlackElo "2415"]
[Result "0-1"]

1. e4  c5  2. Nf3  d6
3. d4  cxd4  4. Nxd4
Nf6  5. Nc3  g6
6. Be3  Bg7  7. f3  Nbd7
8. Qd2  a6  9. g4
b5  10. Nc6  Qc7
11. Nxe7  Kxe7  12. g5
Bb7  13. gxf6+  Nxf6
14. O-O-O  Rhd8  15. Bd4
Kf8  16. h4  Nh5
17. Bxg7+  Kxg7  18. Bh3
Nf6  19. Bf5  d5
20. Qg5  d4  21. Nb1
d3  22. c3  h6
23. Qg2  Nh5  24. Bh3  Nf4
25. Qh2  Ne2+  26. Kd2
Ng3  27. Rdg1  Qf4+
28. Kd1  Qxf3+  29. Kc1
Ne2+  30. Kd2  Nxg1
31. Rxg1  Qxe4  32. Kc1
Qe2  0-1

[Event "tht Extraliga 16/17,Tatran Litovel-Lokomotiva Brno"]
[Site "Brno"]
[Date "2017.04.01"]
[Round "10.5"]
[White "Straka, Vojtech"]
[Black "Skliba, Martin"]
[WhiteElo "2342"]
[BlackElo "2268"]
[Result "1-0"]

1. d4  Nf6  2. Nf3  g6
3. c4  Bg7  4. Nc3
d5  5. cxd5  Nxd5
6. e4  Nxc3  7. bxc3
c5  8. h3  O-O
9. Be2  Nc6  10. Be3 cxd4  11.
cxd4  Qa5+  12. Bd2  Qa3
13. d5  Ne5  14. Nxe5
Bxe5  15. O-O  Bd7
16. Rb1  Qxa2  17. Bd3
b5  18. f4  Bd4+
19. Kh1  a5  20. f5
b4  21. Bh6  Bg7
22. Bxg7  Kxg7  23. Qf3
Qd2  24. Qg3  Rac8
25. Rbd1  Qc3  26. Rf3
b3  27. e5  f6
28. exf6+  exf6  29. fxg6  h6
30. Bf5  Qe5  31. Bxd7
Qxg3  32. Rxg3  b2
33. Bxc8  Rxc8  34. Rb3
Rc1  35. Rg1  1-0

[Event "tht Extraliga 16/17,Tatran Litovel-Lokomotiva Brno"]
[Site "Brno"]
[Date "2017.04.01"]
[Round "10.6"]
[White "Kratochvil, Vit"]
[Black "Cifka, Stanislav"]
[WhiteElo "2242"]
[BlackElo "2411"]
[Result "1-0"]

1. e4  e5  2. Nf3  Nc6
3. Bc4  Bc5  4. O-O
d6  5. c3  Qf6
6. h3  h6  7. d3  Nge7
8. Be3  Bb6  9. Nbd2
Ng6  10. b4  Be6
11. a4  O-O  12. Bxe6
Qxe6  13. d4  exd4
14. cxd4  d5  15. exd5
Qxd5  16. a5  Bxd4
17. Nb3  Rfd8  18. Nbxd4
Nxb4  19. Qe2  c5
20. Nb5  Qe4  21. Nc3
Qc6  22. Rab1  Nd3
23. Rfd1  c4  24. Nb5
Rd5  25. Nbd4  Qd7
26. Qa2  Rc8  27. a6
b5  28. Nc2  Rc6
29. Ncd4  Rcd6  30. Qa1
Ngf4  31. Bxf4  Nxf4
32. Re1  Rg6  33. Nh4
Qxh3  34. Re8+  Kh7
35. Rh8+  Kxh8  36. Nxg6+
fxg6  37. gxh3  Rxd4
38. Re1  Rd3  39. Qe5
Nxh3+  40. Kg2  g5
41. Qxb5  Nf4+  42. Kg1
c3  43. Re8+  Kh7
44. Qf5+  1-0

[Event "tht Extraliga 16/17,Tatran Litovel-Lokomotiva Brno"]
[Site "Brno"]
[Date "2017.04.01"]
[Round "10.7"]
[White "Hollan, Petr"]
[Black "Dvorak, Adam"]
[WhiteElo "2329"]
[BlackElo "2179"]
[Result "1/2-1/2"]

1. c4 e6 2. Nf3 Nf6 3. g3 d5 4. Bg2 Bd6 5. O-O O-O 6. d4 Nbd7 7. Nbd2 b6 8. e4
dxe4 9. Ng5 Bb7 10. Ndxe4 Nxe4 11. Nxe4 Be7 12. Nf6+ Bxf6 13. Bxb7 c5 14. dxc5
Ne5 15. Qxd8 Raxd8 16. c6 Nxc4 17. c7 Rc8 18. Bxc8 Rxc8 19. Rb1 Rxc7 20. b3 Ne5
21. Ba3 g5 22. Rbc1 Rb7 23. Rfd1 g4 24. Kg2 Kg7 25. Bd6 h5 26. Rc7 Rxc7 27. Bxc7
Nc6 28. Bf4 Nb4 29. a4 Nd5 30. Be3 Kg6 31. Rc1 Bc3 32. Rd1 Nxe3+ 33. fxe3 Bb4 34.
Kf2 a5 35. Rd8 Bc5 36. Ke2 f5 37. Rg8+ Kf6 38. Rh8 Kg6 39. Rb8 e5 40. Rc8 e4 41.
Rc6+ Kg5 42. b4 Bxb4 43. Rxb6 h4 44. Rxb4 axb4 45. a5 b3 46. Kd2 hxg3 47. hxg3 f4
48. gxf4+ Kf5 49. a6 b2 50. Kc2 g3 51. a7 g2 52. a8=Q b1=Q+ 53. Kxb1 g1=Q+ 54.
Kc2 Qf2+ 55. Kd1 Qf1+ 56. Kd2 Qd3+ 57. Ke1 Qxe3+ 58. Kf1 Qxf4+ 59. Ke1 Qg3+ 60.
Ke2 Qh2+ 61. Ke1 Qh1+ 62. Ke2 Qf3+ 63. Ke1 Qc3+ 64. Ke2 Qb2+ 65. Ke1 Qc3+ 66. Ke2
Qd3+ 67. Ke1 Qd6 68. Qh8 Qg3+ 69. Ke2 Qd3+ 70. Ke1 Qe3+ 71. Kf1 Qf4+ 72. Ke2 Qf3+
73. Ke1 Qd3 74. Qf8+ Ke5 75. Qe7+ Kd5 76. Qd7+ Kc4 77. Qc6+ Kb3 78. Qb6+ Kc2 79.
Qc5+ Kb3 80. Qb6+ Kc4 81. Qc6+ Kd4 82. Qd6+ Kc3 83. Qc5+ Qc4 84. Qxc4+ Kxc4 85.
Ke2 Kd4 86. Kd2 e3+ 87. Ke2 Ke4 88. Ke1 Kf3 89. Kf1 e2+ 90. Ke1 Ke4 91. Kxe2
1/2-1/2

[Event "tht Extraliga 16/17,Tatran Litovel-Lokomotiva Brno"]
[Site "Brno"]
[Date "2017.04.01"]
[Round "10.8"]
[White "Kratochvil, Karel"]
[Black "Belunek, Vladimir"]
[WhiteElo "2226"]
[BlackElo "2248"]
[Result "0-1"]

1. d4  d5  2. c4  e6
3. Nc3  Nf6  4. Bg5
Be7  5. e3  h6
6. Bh4  O-O  7. Nf3  b6
8. cxd5  exd5  9. Bd3
Bb7  10. Qc2  c5
11. O-O  Nc6  12. a3
c4  13. Bf5  Na5
14. Ne5  a6  15. Rad1
b5  16. Qe2  Ne4
17. Nxe4  dxe4  18. Bxe7
Qxe7  19. Qg4  Rad8
20. Bxe4  Bxe4  21. Qxe4
f6  22. Qh4  Rfe8
23. Ng6  Qf7  24. Qg3
Nb3  25. Nh4  Rd5
26. Qf3  Qd7  27. g4
a5  28. Nf5  b4
29. axb4  axb4  30. Kg2  Ra5
31. d5  Nc5  32. Rd4
Nd3  33. b3  Ne5
34. Qd1  cxb3  35. Qxb3
Nxg4  36. e4  g6
37. Qxb4  Rb5  38. Qd6
Qb7  39. Ng3  Rb6
40. Qf4  h5  41. Rc4
Ne5  42. Rc3  Kg7
43. Rfc1  Re7  44. R1c2
Qd7  45. Qe3  Rb7
46. h3  Nf7  47. Rc6
Ng5  48. f4  Qxh3+
49. Kf2  Qh2+  50. Ke1
Rb1+  51. Rc1  Rxc1+
52. Rxc1  Nf7  53. Rc6
h4  54. Nf1  Qa2
55. Nd2  Qxd5  56. Qc3
Rxe4+  57. Nxe4  Qxe4+
58. Kd1  Qxf4 59. Rc7  h3
60. Qc6  h2  61. Qb7
Qxc7  0-1

[Event "tht Extraliga 16/17,Unichess-Lysa nad Labem B"]
[Site "Brno"]
[Date "2017.04.01"]
[Round "10.1"]
[White "Michalik, Peter"]
[Black "Danin, Alexandr"]
[WhiteElo "2564"]
[BlackElo "2564"]
[Result "1/2-1/2"]

1. e4  e6  2. d4  d5
3. Nd2  c5  4. Ngf3
cxd4  5. Nxd4  Nf6
6. exd5  Nxd5  7. N2f3
Bb4+  8. Bd2  O-O
9. Be2  Qb6  10. c3
Bc5  11. Qb3  Bd7
12. O-O  Rc8  13. Rfd1
Qc7  14. Bg5  Nc6
15. Bh4  Nf4  16. Bf1
Nxd4  17. Nxd4  e5
18. Nb5  Qc6  19. Bg5
Be6  20. c4  a6
21. Bxf4  axb5  22. Bxe5  bxc4
23. Qg3  Bf8  24. Be2
Rd8  25. a3  1/2-1/2

[Event "tht Extraliga 16/17,Unichess-Lysa nad Labem B"]
[Site "Brno"]
[Date "2017.04.01"]
[Round "10.2"]
[White "Nguyen, Thai"]
[Black "Cernousek, Lukas"]
[WhiteElo "2441"]
[BlackElo "2462"]
[Result "1-0"]

1. e4  c5  2. Nf3  d6
3. d4  Nf6  4. Nc3
cxd4  5. Nxd4  a6
6. Bg5  Nbd7  7. Qe2
h6  8. Bh4  g6
9. f4  e5  10. fxe5  dxe5
11. O-O-O  Qc7  12. Nb3
b5  13. Qf3  Be7
14. Rxd7  Qxd7  15. Bxf6
Bxf6  16. Qxf6  O-O
17. Qxe5  Re8  18. Qf4
g5  19. Qf2  Qd6
20. Nd5  Re5  21. Bd3
Bb7  22. Nf6+  Kg7
23. Ng4  Re6  24. Nd4
1-0

[Event "tht Extraliga 16/17,Unichess-Lysa nad Labem B"]
[Site "Brno"]
[Date "2017.04.01"]
[Round "10.3"]
[White "Bernasek, Jan"]
[Black "Londyn, Radek"]
[WhiteElo "2507"]
[BlackElo "2425"]
[Result "1-0"]

1. d4  d5  2. c4  e6
3. Nc3  Bb4  4. e3
Nf6  5. Nf3  O-O
6. Bd3  b6  7. a3
Bxc3+  8. bxc3  c6
9. a4  Ba6  10. Nd2
Nbd7  11. O-O  e5
12. Ba3  Re8  13. Re1
e4  14. Bf1  Rc8
15. Qb3  Nf8  16. h3
Ng6  17. a5 b5  18. cxd5
cxd5  19. Bc5  Qd7
20. Rab1 Rb8 21. Qb4  Rb7  22.
Bd6  Qc6  23. Bh2  Nh4
24. Rb2  Rc8  25. Rc1
h6  26. Be2  Kh7
27. Nb3  Nd7  28. Bg3
Nf5  29. Bg4  Qg6
30. Bxf5  Qxf5  31. Nc5
Nxc5  32. dxc5  Re7
33. c6  Re6  34. c7
g5  35. Qc5  h5 36. Rd1
Qf6  37. Rxd5  Rc6 38. Qd4 Qxd4
39. cxd4  h4  40. Be5
f6  41. Rd7+  Kg6
42. Bd6  Rc1+  43. Kh2
Kf5  44. d5  Rd1
45. Bb4  Bb7  46. d6
1-0

[Event "tht Extraliga 16/17,Unichess-Lysa nad Labem B"]
[Site "Brno"]
[Date "2017.04.01"]
[Round "10.4"]
[White "Cerveny, Martin"]
[Black "Jurcik, Marian"]
[WhiteElo "2374"]
[BlackElo "2497"]
[Result "0-1"]

1. d4  Nf6  2. Nf3  d5
3. c4  dxc4  4. e3
Bg4  5. Bxc4  e6
6. Nc3  a6  7. h3
Bh5  8. a4  Nc6
9. O-O  Bd6  10. Be2  O-O
11. b3  Qe7  12. Bb2
Rad8  13. Nd2  Bxe2
14. Qxe2  e5  15. dxe5
Qxe5  16. g3  Qf5
17. Kg2  Bb4  18. Rfd1
Na5  19. Rab1  Qe6
20. e4  Rfe8  21. f3
Nh5  22. Kh2  Rd7
23. f4  Red8  24. Nc4
Qg6  25. Qg4  Nxc4
26. Rxd7  Rxd7  27. Bc1
Qxg4  28. hxg4  Nd2
29. Bxd2  Rxd2+  30. Kh3
Nxf4+  0-1

[Event "tht Extraliga 16/17,Unichess-Lysa nad Labem B"]
[Site "Brno"]
[Date "2017.04.01"]
[Round "10.5"]
[White "Simek, Petr"]
[Black "Worek, Joanna"]
[WhiteElo "2393"]
[BlackElo "2330"]
[Result "0-1"]

1. d4 Nf6  2. c4  e6  3. g3
c5  4. d5  exd5
5. cxd5  d6  6. Nc3  g6
7. Nf3  Bg7  8. Bg2
O-O  9. O-O  a6
10. a4  Re8  11. Bf4  h6
12. Re1  g5  13. Bd2
Bf5  14. Qb3  Nbd7
15. Qxb7  Qb8  16. Qxb8
Raxb8  17. Bc1  Ne4
18. Ra3  Nb6  19. Nxe4
Bxe4  20. Nd2  Bxg2
21. Kxg2  Nxd5  22. Rd3
Nb4  23. Rxd6  Nc2
24. Rd1  Rxe2  25. Nf3
Nd4  26. Be3  Rbxb2
27. Rd2  g4  28. Nxd4
Rexd2  29. Bxd2  Bxd4
30. Be1  Re2  31. Kf1
Re6  32. Rd8+  Kg7
33. Bd2  Rc6  34. Ke2
Bf6  0-1

[Event "tht Extraliga 16/17,Unichess-Lysa nad Labem B"]
[Site "Brno"]
[Date "2017.04.01"]
[Round "10.6"]
[White "Petenyi, Tamas"]
[Black "Kovar, Vojtech"]
[WhiteElo "2443"]
[BlackElo "2326"]
[Result "1/2-1/2"]

1. Nf3  Nf6  2. g3  g6
3. Bg2  Bg7  4. O-O
O-O  5. c4  d6
6. Nc3  c6  7. d3  a6
8. Bd2  b5  9. Qc2
Bb7  10. b4  Nbd7
11. Rab1  bxc4  12. dxc4
c5  13. bxc5  Nxc5
14. Be3  Nfd7  15. Rfd1
Rc8  16. Nd5  e6
17. Nc3  Qe7  18. Qd2
Rfd8  19. Bd4  Nf6
20. Qb2  Ba8  21. Qa3
Qc7  1/2-1/2

[Event "tht Extraliga 16/17,Unichess-Lysa nad Labem B"]
[Site "Brno"]
[Date "2017.04.01"]
[Round "10.7"]
[White "Jurcik, Martin"]
[Black "Bednar, Marcel"]
[WhiteElo "2325"]
[BlackElo "2245"]
[Result "1/2-1/2"]

1. d4  Nf6  2. Bg5  e6
3. e4  h6  4. Bxf6
Qxf6  5. c3  d6
6. Bd3  g6  7. Ne2  Bg7
8. O-O  O-O  9. f4
c5  10. dxc5  dxc5
11. e5  Qe7  12. Nd2
Rd8  13. Nc4  Nc6
14. Qc2  Qc7  15. Ng3
Ne7  16. Nd6  Bd7
17. h4  h5  18. c4
Nf5  19. Nge4  Bc6
20. Ng5  Rd7  21. Bxf5
exf5  22. Rae1  Rad8
1/2-1/2

[Event "tht Extraliga 16/17,Unichess-Lysa nad Labem B"]
[Site "Brno"]
[Date "2017.04.01"]
[Round "10.8"]
[White "Jurasek, Miroslav"]
[Black "Bartos, Jan"]
[WhiteElo "2268"]
[BlackElo "2157"]
[Result "1-0"]

1. c4  e6  2. g3  d5
3. Bg2  Nf6  4. Nf3
Be7  5. Qc2  O-O
6. O-O  Nbd7 7. d3 b6  8. Nd4
Ne5  9. Bf4  Bd6
10. Nb5  Bb7  11. N1c3
Re8  12. Rfe1  Nc6
13. Nxd6  cxd6  14. Qa4
Ne7  15. Qb4  Nf5
16. cxd5  e5 17. Bg5  Nxd5
18. Bxd5  1-0

[Event "tht Extraliga 16/17,Novy Bor-Lysa nad Labem A"]
[Site "Brno"]
[Date "2017.04.01"]
[Round "10.1"]
[White "Navara, David"]
[Black "Ponomariov, Ruslan"]
[WhiteElo "2732"]
[BlackElo "2709"]
[Result "1/2-1/2"]

1. e4  e5  2. Nf3  Nc6
3. Bb5  a6  4. Ba4
Nf6  5. O-O  Be7
6. Re1  b5  7. Bb3
d6  8. c3  O-O
9. h3  Nb8  10. d4  Nbd7
11. Nbd2  c5  12. Nf1
Re8  13. Ng3  Bf8
14. Nf5  exd4  15. cxd4
Bb7  16. e5 dxe5  17. dxe5
Bxf3  18. Qxf3  Nxe5
19. Rxe5  Rxe5  20. Bg5
c4  21. Nh6+  gxh6
22. Bxf6  Qd5  23. Bxe5
Qxf3  24. gxf3  cxb3
25. axb3  Bg7  26. f4
Re8  27. Rxa6  Bxe5
28. fxe5  Rxe5  29. Rxh6
Rd5  30. Rb6  Rd3
31. Rxb5  Rxh3  32. Rg5+
Kf8  33. Rg3  Rh4
34. Rd3  h5  35. Kf1
Ke7  36. Ke2  Rb4
37. Re3+  1/2-1/2

[Event "tht Extraliga 16/17,Novy Bor-Lysa nad Labem A"]
[Site "Brno"]
[Date "2017.04.01"]
[Round "10.2"]
[White "Najer, Evgeniy"]
[Black "Vitiugov, Nikita"]
[WhiteElo "2679"]
[BlackElo "2729"]
[Result "1/2-1/2"]

1. d4  Nf6  2. c4  e6
3. Nc3  Bb4  4. Qc2
d6  5. g3  Nbd7
6. Bg2  e5  7. Nf3  O-O
8. O-O  c6  9. Rd1
Bxc3  10. bxc3  Re8
11. dxe5  dxe5  12. a4
Qc7  13. Nh4  Nc5
14. Ba3  b6  15. Bxc5
bxc5  16. Nf5  Be6
17. Nd6  Red8  18. Ne4
Nxe4  19. Qxe4  1/2-1/2

[Event "tht Extraliga 16/17,Novy Bor-Lysa nad Labem A"]
[Site "Brno"]
[Date "2017.04.01"]
[Round "10.3"]
[White "Shirov, Alexej"]
[Black "Landa, Konstantin"]
[WhiteElo "2693"]
[BlackElo "2611"]
[Result "1/2-1/2"]

1. d4 d5 2. c4 e6 3. Nf3 Nf6 4. g3 dxc4 5. Bg2 c5 6. O-O Nc6 7. Ne5 Bd7 8. Na3
cxd4 9. Naxc4 Be7 10. Qb3 Qc7 11. Nxc6 Bxc6 12. Bf4 Qd8 13. Bxc6+ bxc6 14. Qa4
O-O 15. Qxc6 Rc8 16. Qa4 Nd5 1/2-1/2

[Event "tht Extraliga 16/17,Novy Bor-Lysa nad Labem A"]
[Site "Brno"]
[Date "2017.04.01"]
[Round "10.4"]
[White "Stocek, Jiri"]
[Black "Laznicka, Viktor"]
[WhiteElo "2560"]
[BlackElo "2670"]
[Result "1/2-1/2"]

1. d4  d5  2. c4  c6
3. Nf3  Nf6  4. Nc3
a6  5. a4  e6
6. Bg5  a5  7. e3  Be7
8. Be2  Na6  9. O-O
O-O  10. Qb3  Nb4
11. Na2  Na6  12. Nc3
Nb4  13. Na2  Na6
14. h3  Ne4  15. Bxe7
Qxe7  16. Rac1  Rd8
17. Rfd1  Nd6  18. Bf1
dxc4  19. Bxc4  Nxc4
20. Qxc4  Bd7  21. Nc3
Be8  22. Ne4  f6
23. Nc5  Nxc5  24. dxc5
Bf7  25. Qc3  e5
26. b4  Qc7  27. Rxd8+
Qxd8  28. Nd2  axb4
29. Qxb4  Ra7  30. Nc4
Bxc4  31. Qxc4+  Qd5
32. Qg4  Ra8  33. Rd1
f5  34. Qh5  Qf7
35. Qh4  1/2-1/2

[Event "tht Extraliga 16/17,Novy Bor-Lysa nad Labem A"]
[Site "Brno"]
[Date "2017.04.01"]
[Round "10.5"]
[White "Sasikiran, Krishnan"]
[Black "Plat, Vojtech"]
[WhiteElo "2668"]
[BlackElo "2510"]
[Result "1/2-1/2"]

1. d4 Nf6 2. c4 e6 3. g3 d5 4. Bg2 dxc4 5. Nf3 Bb4+ 6. Bd2 Be7 7. Qa4+ Bd7 8.
Qxc4 Bc6 9. O-O O-O 10. Nc3 Nbd7 11. Rfd1 Ne4 12. Qd3 Nxd2 13. Rxd2 Bxf3 14. Bxf3
c6 15. a3 a5 16. Qc2 Qb6 17. e3 Rfd8 18. Rad1 Rac8 19. Kg2 Qc7 20. Qb1 Nb6 21.
Rc2 Bf8 22. b4 Nc4 23. Qb3 Nxa3 24. Qxa3 axb4 25. Qb3 bxc3 26. Rb1 Qd6 27. Qxc3
b5 28. Rbc1 Qa3 29. Qxa3 Bxa3 30. Rb1 b4 1/2-1/2

[Event "tht Extraliga 16/17,Novy Bor-Lysa nad Labem A"]
[Site "Brno"]
[Date "2017.04.01"]
[Round "10.6"]
[White "Krejci, Jan"]
[Black "Hracek, Zbynek"]
[WhiteElo "2520"]
[BlackElo "2610"]
[Result "1/2-1/2"]

1. e4  e5  2. Nf3  Nc6
3. Bb5  a6  4. Ba4
Nf6  5. O-O  Be7
6. Re1  b5  7. Bb3
O-O  8. h3  Bb7
9. d3  d5  10. exd5  Nxd5
11. Nxe5  Nd4  12. Nc3
Nb4  13. a3  Nxb3
14. cxb3  Nd5  15. b4
c5  16. bxc5  Bxc5
17. d4  Bb6  18. Ne4
Rc8  19. Ng3  f6
20. Nf3  Qd7  21. Qd3
Rfe8  22. Bd2  Rcd8
23. Rxe8+  Rxe8  24. Re1
Rxe1+  25. Nxe1  Qe6
26. Nf3  Bc7  27. Ne4
Nf4  28. Bxf4  Bxe4
29. Qe3  Bb6  30. Bd6
Kf7  31. Bc5  Bc7
32. Ne5+  Bxe5  33. dxe5
1/2-1/2

[Event "tht Extraliga 16/17,Novy Bor-Lysa nad Labem A"]
[Site "Brno"]
[Date "2017.04.01"]
[Round "10.7"]
[White "Babula, Vlastimil"]
[Black "Oral, Tomas"]
[WhiteElo "2559"]
[BlackElo "2508"]
[Result "1/2-1/2"]

1. d4 Nf6 2. c4 g6 3. Nc3 d5 4. cxd5 Nxd5 5. Bd2 Bg7 6. e4 Nb6 7. Be3 O-O 8. h3
e5 9. Nf3 exd4 10. Bxd4 Bxd4 11. Qxd4 Nc6 12. Qc5 Be6 13. Rd1 Qe7 14. Qxe7 Nxe7
15. Nd4 Rad8 16. Be2 c5 17. Nxe6 Rxd1+ 18. Bxd1 fxe6 19. Bg4 Kf7 20. Nb5 Nc6 21.
O-O Rd8 22. f4 Nc4 23. f5 exf5 24. exf5 Ne3 25. fxg6+ Kxg6 26. Rf4 Ne5 27. Be2
Rd2 28. Nc3 Rd4 29. Rf8 Nd5 30. Re8 Kf6 31. Rf8+ Kg7 32. Re8 Kf6 33. Rf8+ Kg7 34.
Re8 Nxc3 35. bxc3 Re4 36. Kf1 Rf4+ 37. Ke1 Kf6 38. Rf8+ Kg5 39. Rg8+ Kf6 40. Rf8+
Kg5 41. Rg8+ Kf5 42. Rg7 Ra4 43. Rxb7 h6 44. Rb5 c4 45. Rb4 Rxa2 46. Bxc4 Rxg2
47. Be2 Rg3 48. Rh4 Rxc3 49. Rxh6 a5 50. Kd2 Ra3 51. Rh4 Ra2+ 52. Ke3 Ra3+ 53.
Kd2 a4 54. Bd1 1/2-1/2

[Event "tht Extraliga 16/17,Novy Bor-Lysa nad Labem A"]
[Site "Brno"]
[Date "2017.04.01"]
[Round "10.8"]
[White "Jansa, Vlastimil"]
[Black "Zilka, Stepan"]
[WhiteElo "2446"]
[BlackElo "2523"]
[Result "0-1"]

1. e4  e5  2. Nf3  Nc6
3. Bb5  a6  4. Ba4
Nf6  5. O-O  Be7
6. Re1  b5  7. Bb3
O-O  8. c3  d5
9. exd5  Nxd5  10. d4  exd4
11. cxd4  Be6  12. Nc3
Re8  13. h3  Na5
14. Bc2  Nxc3  15. bxc3
Nc4  16. a4  c6
17. Bf4  g6  18. Ne5  Nxe5
19. Bxe5  Bd5  20. Be4
Bxe4  21. Rxe4  Qd5
22. Qf3  Bg5  23. Rae1
f6  24. h4  Bxh4
25. Rxh4  Qxf3  26. gxf3
fxe5  27. dxe5  Rad8
28. axb5  axb5  29. Rd4
Rxd4  30. cxd4  Rb8
31. Rb1  b4  32. Rb3
Kf7  33. Kf1  Ke6
34. Ke2  Kd5  35. Kd3
h5  36. f4  h4
37. Kc2  Kxd4  38. Rh3  Rh8
39. e6  Rh7  40. e7
Rxe7  41. Rxh4  Re4
42. Rg4  Kc4  43. Rxg6
c5  44. Rg4  b3+
45. Kd2  Rd4+  46. Kc1
Kb4  47. f3  c4
48. f5  Rd3  0-1

[Event "tht Extraliga 16/17,Labortech Ostrava-SK AD Jicin"]
[Site "Brno"]
[Date "2017.04.02"]
[Round "11.1"]
[White "Miton, Kamil"]
[Black "Gajewski, Grzegorz"]
[WhiteElo "2619"]
[BlackElo "2628"]
[Result "1/2-1/2"]

1. c4  Nf6  2. Nf3  e6
3. d4  d5  4. g3
Bb4+  5. Bd2  Be7
6. Bg2  O-O  7. O-O
c6  8. Qc2  Nbd7
9. Rd1  b6  10. Bf4
Bb7  11. Nc3  dxc4
12. Nd2  Nd5  13. Nxc4
Nxf4  14. gxf4  Qc7
15. e3  Rad8  16. Rac1
c5  17. d5  exd5
18. Nxd5  Bxd5  19. Rxd5
b5  20. Ne5  Nxe5
21. Rxe5  Bd6  22. Rd5
Be7  1/2-1/2